[Event "GER-ch U12"]
[Site "Willingen"]
[Date "2020.10.30"]
[Round "6"]
[White "Toth, Luca"]
[Black "Gaertner, Alessandro"]
[Result "0-1"]
[WhiteElo "1680"]
[BlackElo "1251"]
[PlyCount "70"]
[EventDate "2020.10.26"]
[EventType "swiss"]
[EventRounds "7"]
[EventCountry "GER"]
[SourceTitle "CBM 199 Extra"]
[Source "ChessBase"]
[SourceDate "2021.01.31"]
[SourceVersion "1"]
[SourceVersionDate "2021.01.31"]
[SourceQuality "1"]

1. e4 c6 2. d4 d5 3. Nc3 dxe4 4. Nxe4 Nf6 5. Nxf6+ exf6 6. Bc4 Bd6 7. Qe2+ Qe7 8. Qxe7+ Bxe7 9. Ne2 Bf5 10. c3 0-0 11. Bf4 b5 12. Bxb8 Rfxb8 13. Bb3 a5 14. Ng3 Bg6 15. Kd2 b4 16. f4 bxc3+ 17. bxc3 Bd6 18. f5 Bxg3 19. fxg6 Bf4+ 20. Kd3 hxg6 21. g3 Bh6 22. Ba4 Rb6 23. c4 Rd8 24. Rab1 Ra6 25. Rb7 Re8 26. Rc7 Rb6 27. Rxc6 Rb2 28. d5 Rd2+ 29. Kc3 Rxa2 30. Bb5 Be3 31. d6 Ba7 32. Kb3 Rd2 33. Kc3 Ree2 34. Rc8+ Kh7 35. d7 Bd4+ 0-1